Cesty ke svobodě /
Zkuste se jako malý ptáček zamyslet nad tím, jaká je vaše pravda, kde vám škodí a v čem vás omezuje. Vydejte se na vlastní cestu ke svobodě. Nebo darujte Cesty ke svobodě přátelům – ne proto, abyste jim ukázali směr, ale abyste vyjádřili respekt k jejich cestě, úctu k jejich svobodě a lásku k nim ta...
Uloženo v:
| Hlavní autor: | |
|---|---|
| Médium: | E-kniha |
| Jazyk: | Czech |
| Vydáno: |
Praha :
Albatros Media a.s.,
2026
|
| Tagy: |
Žádné tagy |
| LEADER | 01348nam a22002297i 4500 | ||
|---|---|---|---|
| 001 | 305245 | ||
| 007 | ta | ||
| 008 | 260601s2026 xr ||||| |||| 00| 0 cze d | ||
| 020 | |a 9788026752165 | ||
| 044 | |a xr | ||
| 100 | 1 | |a Eberlová, Eva |4 aut | |
| 245 | 1 | 0 | |a Cesty ke svobodě / |c Eberlová, Eva |
| 264 | 1 | |a Praha : |b Albatros Media a.s., |c 2026 | |
| 300 | |a 1 online zdroj (144 stran) | ||
| 336 | |a text |b txt |2 rdacontent | ||
| 337 | |a bez média |b n |2 rdamedia | ||
| 338 | |a online zdroj |b cr |2 rdacarrier | ||
| 520 | 2 | |a Zkuste se jako malý ptáček zamyslet nad tím, jaká je vaše pravda, kde vám škodí a v čem vás omezuje. Vydejte se na vlastní cestu ke svobodě. Nebo darujte Cesty ke svobodě přátelům – ne proto, abyste jim ukázali směr, ale abyste vyjádřili respekt k jejich cestě, úctu k jejich svobodě a lásku k nim takovým, jací jsou. Darujete tím svobodu nejen jim, ale i sobě a otevřete prostor pro lehkost, sdílení a radost. | |
| 910 | |a RBIT002 | ||
| 998 | |d 427500 |a https://core.palmknihy.cz/api/books/427500/cover?tfrpwu |b https://core.palmknihy.cz/api/books/427500/cover/400?tfrpwu |c https://core.palmknihy.cz/api/books/427500/cover/50?tfrpwu |e 2031-01-12 |g 144 |i 9788026752165 |k https://core.palmknihy.cz/api/books/427500/preview.pdf |l |q 49 |r 1 |s https://www.palmknihy.cz/kniha/427500 |t ebook |y 2026 |z 1 | ||
| 999 | |d 305243 | ||